Química 1 ; primer de bachillerato : (Registro nro. 10044)

Detalles MARC
000 -LIDER
fixed length control field 01827nam a22003497a 4500
001 - NÚMERO DE CONTROL
Identificador de número de control 000010123
003 - IDENTIFICACDOR DE NÚMERO DE CONTROL
control field DO-SdBNP
005 - DATE AND TIME OF LATEST TRANSACTION
control field 20160704130158.0
007 - CAMPOS FIJOS DE DESCRIPCIÓN FÍSICA
fixed length control field 000010123
008 - ELEMENTOS DE LONGITUD FIJA
fixed length control field 160509b 2004 dr a xxu||||| |||| 00| 0 spa d
020 ## - ISBN
International Standard Book Number 8482617559
040 ## - FUENTE DE CATALOGACIÓN
Agencia que crea de manera original el registro BPMSU
Idioma de catalogación spa
Agencia que realiza la transcripción BPMSU
092 ## - LOCALLY ASSIGNED DEWEY DECIMAL CALL NUMBER
Número de clasificación 373.54
Número de ítem (Cutter) G633q 1ro. 2004
100 1# - ASIENTO PRINCIPAL -- NOMBRE PERSONAL
Nombre personal Gómez, Idoia
245 10 - MENCIÓN DE TITULO
Título Química 1 ; primer de bachillerato :
Subtítulo [educación media] /
Mención de responsabilidad Idoia Gómez ; dirección editorial Obdulia García de Escobar ; editora Claudia Llibre de Vargas; ilustración Ruddy Núñez.
260 ## - PUBLICACIÓN, DISTRIBUCIÓN, ETC. (PIE DE IMPRENTA)
Lugar de publicación, distribución, etc Santo Domingo :
Nombre del editor, distribuidor, etc. Santillana,
Fecha de publicación, distribución, etc 2004.
300 ## - DESCRIPCIÓN FÍSICA
Extensión 143 p. :
Otros detalles físicos il. ;
Dimensiones 28 cm.
500 ## - NOTA GENERAL
Nota general Primero de bachillerato 1er. curso/ primer ciclo.
500 ## - NOTA GENERAL
Nota general Primer curso del primer ciclo de educación media
505 ## - NOTA DE CONTENIDO
Información miscelánea Unidad 1
Título Los materiales y las funciones químicas --
-- Ácidos, bases y reacciones de equilibrio --
-- Los materiales y las funciones químicas de los mismos --
-- Materia y energía --
Información miscelánea Unidad 2
Título La teoría atómica --
Información miscelánea Unidad 3
Título Funciones químicas y nomenclatura --
Información miscelánea Unidad 4
Título Enlace y estructura química --
Información miscelánea Unidad 5
Título Ácidos, bases y reacciones de equilibrio --
-- Estequiometría, soluciones y solubilidad --
Información miscelánea Unidad 6
Título Sistema y equilibrio químico --
Información miscelánea Unidad 7
Título Ácidos, bases --
Información miscelánea Unidad 8
Título Reaciones redox.
650 #4 - ENCABEZAMIENTO DE MATERIA--TEMÁTICO
Término temático o nombre geográfico como elemento de entrada QUÍMICA
Subdivisión temática general ENSEÑANZA SECUNDARIA
650 #4 - ENCABEZAMIENTO DE MATERIA--TEMÁTICO
Término temático o nombre geográfico como elemento de entrada QUÍMICA
Subdivisión temática general ESTUDIOS Y EJERCICIOS
650 #4 - ENCABEZAMIENTO DE MATERIA--TEMÁTICO
Término temático o nombre geográfico como elemento de entrada QUÍMICA
Subdivisión temática general LIBROS DE TEXTOS
650 #4 - ENCABEZAMIENTO DE MATERIA--TEMÁTICO
Término temático o nombre geográfico como elemento de entrada QUÍMICA
Subdivisión temática general EDUCACIÓN PRIMARIA
650 #4 - ENCABEZAMIENTO DE MATERIA--TEMÁTICO
Término temático o nombre geográfico como elemento de entrada EDUCACIÓN SECUNDARIA
Subdivisión geográfica REPÚBLICA DOMINICANA
700 12 - ASIENTO SECUNDARIO -- NOMBRE PERSONAL
Nombre personal García de Escobar, Obdulia,
Mención de responsabilidad ed.
700 12 - ASIENTO SECUNDARIO -- NOMBRE PERSONAL
Nombre personal Llibre de Vargas, Claudia
Mención de responsabilidad ed.
700 12 - ASIENTO SECUNDARIO -- NOMBRE PERSONAL
Nombre personal Núñez, Ruddy,
Mención de responsabilidad il.
910 ## - VALIDACIÓN
Validación Validado. Control de calidad MFF
942 ## - ADDED ENTRY ELEMENTS (KOHA)
Source of classification or shelving scheme Dewey Decimal Classification
Koha item type Libros
956 ## - LOCAL ELECTRONIC LOCATION AND ACCESS (OCLC)
Método de acceso LOPEREZ
Materiales especificados 10
Enlace 20160905
Campo enlazado y núm. de secuencia BPMSU
Nombre de host 00041
Existencias
Withdrawn status Lost status Source of classification or shelving scheme Damaged status Not for loan Collection code Home library Current library Date acquired Source of acquisition Total Checkouts Full call number Barcode Date last seen Price effective from Koha item type
    Dewey Decimal Classification       Biblioteca Pública Metropolitana Salomé Ureña Biblioteca Pública Metropolitana Salomé Ureña 05/09/2016 Donación   373.54 G633q 1ro. 2004 BPMSU16050177 05/09/2016 05/09/2016 Libros